[Event "Chigorin Memorial 30th"]
[Site "St Petersburg"]
[Date "2023.10.27"]
[Round "7"]
[White "Galakhanova, Evelina"]
[Black "Kozhemyakin, Danila V"]
[Result "0-1"]
[WhiteElo "1810"]
[BlackElo "1449"]
[PlyCount "94"]
[EventDate "2023.10.21"]
[EventType "swiss"]
[EventRounds "9"]
[EventCountry "RUS"]
[SourceTitle "Mega2024 Update 01"]
[Source "Chessbase"]
[SourceDate "2023.11.12"]
[SourceVersion "1"]
[SourceVersionDate "2023.11.12"]
[SourceQuality "1"]

1. d4 Nf6 2. c4 e6 3. Nf3 d5 4. g3 Be7 5. Bg2 0-0 6. 0-0 dxc4 7. Qc2 a6 8. a4 Bd7 9. Qxc4 Bc6 10. Bf4 Bd6 11. Qc1 a5 12. Nc3 Na6 13. Rd1 Nb4 14. Ne5 Bxg2 15. Kxg2 Nbd5 16. Bg5 Be7 17. Nxd5 Nxd5 18. Bxe7 Qxe7 19. e4 Nb4 20. Qc5 Qxc5 21. dxc5 Rfd8 22. Rac1 f6 23. Rxd8+ Rxd8 24. Nf3 Nd3 25. Rc2 g5 26. h3 h5 27. Kf1 g4 28. hxg4 hxg4 29. Ng1 Nb4 30. Rc3 Rd1+ 31. Kg2 Rd2 32. Re3 Rxb2 33. Ne2 e5 34. f3 Nc2 35. Rc3 Nd4 36. Kf1 Rxe2 37. fxg4 Ra2 38. Rc4 Kg7 39. Rc1 Rxa4 40. Rb1 Rb4 41. Ra1 a4 42. Kf2 b6 43. cxb6 cxb6 44. Rc1 a3 45. Rc7+ Kg6 46. Ra7 Rb2+ 47. Kf1 a2 0-1

[Event "Chigorin Memorial 30th"]
[Site "St Petersburg"]
[Date "2023.10.26"]
[Round "6"]
[White "Kozhemyakin, Danila V"]
[Black "Davydov, Nikita"]
[Result "1/2-1/2"]
[WhiteElo "1449"]
[BlackElo "1827"]
[PlyCount "89"]
[EventDate "2023.10.21"]
[EventType "swiss"]
[EventRounds "9"]
[EventCountry "RUS"]
[SourceTitle "Mega2024 Update 01"]
[Source "Chessbase"]
[SourceDate "2023.11.12"]
[SourceVersion "1"]
[SourceVersionDate "2023.11.12"]
[SourceQuality "1"]

1. e4 c5 2. Nf3 Nc6 3. d4 cxd4 4. Nxd4 Nf6 5. Nc3 g6 6. Nxc6 bxc6 7. e5 Ng8 8. Bc4 Qa5 9. Be3 Qxe5 10. 0-0 Bg7 11. Re1 Qb8 12. Bd4 Nf6 13. Bc5 0-0 14. Bxe7 d5 15. Bxf8 Bxf8 16. Bb3 Ng4 17. g3 Qb6 18. Rf1 Bc5 19. Qf3 Ne5 20. Qe2 Bd4 21. Na4 Qc7 22. c3 Bg4 23. Qc2 Nf3+ 24. Kg2 Bf5 25. Qe2 Be4 26. Bc2 Ne1+ 27. Kg1 Nxc2 28. cxd4 Nxd4 29. Qd1 Nf3+ 30. Kg2 Nd2+ 31. f3 Nxf1 32. Kxf1 Bf5 33. Nc5 Qa5 34. Qd4 Qb5+ 35. Kf2 Re8 36. Re1 Rxe1 37. Kxe1 Qa5+ 38. Kf2 Qxa2 39. g4 Be6 40. Nxe6 fxe6 41. Qf6 Qa4 42. Qxe6+ Kg7 43. Qe7+ Kg8 44. Qe8+ Kg7 45. Qe7+ 1/2-1/2